000 00450nam a2200181Ia 4500
008 090123s9999 xx 000 0 und d
082 _b33539
100 _aओशो
245 _aविद्रोही
250 _a1
260 _bमेहता प्रकाशन
_c2002
300 _a330
600 _aओशो
630 _aविद्रोही
700 _aओशो
730 _aविद्रोही
942 _cBOOK
999 _c71598
_d71598